000 00205 a2200097 4500
001 44452
100 _aWeltan
245 _aThird World War
260 _aLondon
_bPall Mall Press
_c
090 _c28165
_d28165
942 _aNUST-CAE
_cM
_c20186
999 _c279525
_d279525